[Event "2nd EUR-ch"]
[Site "Ohrid MKD"]
[Date "2001.06.02"]
[Round "2"]
[White "Miton, Kamil"]
[Black "Khenkin, Igor"]
[Result "0-1"]
[WhiteElo "2497"]
[BlackElo "2609"]
[EventDate "2001.06.01"]
[PlyCount "114"]

1.d4 d5 2.c4 c6 3.e3 e6 4.Nf3 Bd6 5.Bd3 f5 6.Qc2 Nf6 7.O-O O-O 8.b3 Qe7 9.
Nc3 Ne4 10.Ne2 b6 11.Ne5 Bb7 12.Bb2 Na6 13.a3 Bxe5 14.dxe5 Nac5 15.Nf4 
Nxd3 16.Qxd3 g5 17.Nh5 dxc4 18.bxc4 Rad8 19.Qc2 Rd2 20.Qc1 Rfd8 21.Bd4 Rd3
22.Nf6+ Kh8 23.Nxe4 fxe4 24.c5 Rd5 25.Qc4 bxc5 26.Bb2 Qd8 27.Qxe4 Ba6 28.
Rfe1 Rb3 29.Qc2 Qb8 30.Bc3 Rd3 31.Ba5 Qb5 32.Bc7 Rb2 33.Qc1 Rdd2 34.Rb1 
Rxf2 35.Rxb2 Qxb2 36.Qxb2 Rxb2 37.Bd8 h6 38.Bf6+ Kh7 39.Rd1 Kg6 40.Be7 c4 
41.Rc1 Kf5 42.Bc5 Ra2 43.Bxa7 Kxe5 44.Bc5 Ke4 45.Bb4 e5 46.Rc3 g4 47.Bc5 
Rb2 48.Rc1 Ra2 49.Rc3 h5 50.Rc1 Rb2 51.Bb4 Kxe3 52.Bc3 Ra2 53.Bxe5 c5 54.
h3 Bb7 55.hxg4 Rxg2+ 56.Kf1 Rxg4 57.Rb1 Bg2+ 0-1

[Event "2nd EUR-ch"]
[Site "Ohrid MKD"]
[Date "2001.06.02"]
[Round "2"]
[White "Tiviakov, Sergei"]
[Black "Ionov, Sergei"]
[Result "1/2-1/2"]
[WhiteElo "2603"]
[BlackElo "2505"]
[EventDate "2001.06.01"]
[PlyCount "56"]

1.e4 e6 2.d4 d5 3.Nd2 c5 4.exd5 Qxd5 5.Ngf3 cxd4 6.Bc4 Qd6 7.O-O Nf6 8.Nb3
Nc6 9.Nbxd4 Nxd4 10.Nxd4 a6 11.Bb3 Qc7 12.Qf3 Bd6 13.h3 O-O 14.Bg5 Nd7 15.
c3 Ne5 16.Qh5 Ng6 17.Bc2 b6 18.Be3 Bb7 19.Nf3 h6 20.Rfd1 Nf4 21.Bxf4 Bxf4 
22.Ne1 Rad8 23.Qe2 Qc6 24.Rd3 Bb8 25.Rad1 Qc7 26.Nf3 g6 27.Qe3 Rxd3 28.
Bxd3 Qf4 1/2-1/2

[Event "2nd EUR-ch"]
[Site "Ohrid MKD"]
[Date "2001.06.02"]
[Round "2"]
[White "Cao, Sang"]
[Black "Golod, Vitali"]
[Result "1-0"]
[WhiteElo "2488"]
[BlackElo "2593"]
[EventDate "2001.06.01"]
[PlyCount "79"]

1.e4 e5 2.Nf3 Nc6 3.Bb5 a6 4.Ba4 Nf6 5.d3 d6 6.c3 g6 7.Nbd2 Bg7 8.O-O O-O 
9.Re1 Nd7 10.Nf1 Nc5 11.Bxc6 bxc6 12.d4 Nd7 13.dxe5 Nxe5 14.Nxe5 Bxe5 15.
Bh6 Re8 16.Qd2 Bd7 17.Ng3 Rb8 18.f4 Bh8 19.Re3 Rb5 20.Rf1 Qb8 21.b3 a5 22.
f5 a4 23.Ref3 axb3 24.axb3 f6 25.fxg6 hxg6 26.Rxf6 Bxf6 27.Rxf6 Re6 28.Qf4
Qa7+ 29.Kh1 Qa1+ 30.Nf1 Qxc3 31.Rf8+ Kh7 32.Bg5 Rxg5 33.Qxg5 Kg7 34.Qd8 
Qe5 35.Rg8+ Kh7 36.Rh8+ Qxh8 37.Qxd7+ Kh6 38.Qxe6 Qa1 39.Qh3+ Kg7 40.Kg1 
1-0

[Event "2nd EUR-ch"]
[Site "Ohrid MKD"]
[Date "2001.06.02"]
[Round "2"]
[White "Ekstrom, Roland"]
[Black "Kobalia, Mikhail"]
[Result "1/2-1/2"]
[WhiteElo "2492"]
[BlackElo "2590"]
[EventDate "2001.06.01"]
[PlyCount "87"]

1.e4 c5 2.c3 g6 3.d4 cxd4 4.cxd4 d5 5.exd5 Nf6 6.Bb5+ Nbd7 7.d6 exd6 8.Nc3
a6 9.Bc4 Nb6 10.Bb3 Bg7 11.Qe2+ Qe7 12.Bf4 Be6 13.Bxe6 fxe6 14.Nf3 O-O 15.
O-O Nfd5 16.Bg3 Rae8 17.Rfe1 Nf4 18.Qe4 Nbd5 19.Nxd5 Nxd5 20.Re2 Rf5 21.
Rae1 Qd7 22.a3 Nf6 23.Qd3 Nd5 24.Qe4 Nf6 25.Qd3 Nd5 26.Qb3 Kf7 27.Re4 Nf6 
28.R4e2 Nd5 29.Re4 Nf6 30.R4e2 Nd5 31.Re4 Nf6 32.R4e2 Nd5 33.Qd3 Kg8 34.h4
Bh6 35.Re4 Nf6 36.R4e2 Nd5 37.Re4 Nf6 38.R4e2 Nd5 39.Re4 Nf6 40.R4e2 Nd5 
41.Re4 Nf6 42.R4e2 Nd5 43.Re4 Nf6 44.R4e2 1/2-1/2

[Event "2nd EUR-ch"]
[Site "Ohrid MKD"]
[Date "2001.06.02"]
[Round "2"]
[White "Mrva, Martin"]
[Black "Delchev, Alexander"]
[Result "0-1"]
[WhiteElo "2479"]
[BlackElo "2584"]
[EventDate "2001.06.01"]
[PlyCount "220"]

1.e4 c5 2.Nf3 e6 3.b3 b6 4.d4 cxd4 5.Nxd4 Bc5 6.c3 Qh4 7.Be2 Nf6 8.Nd2 d5 
9.g3 Qh3 10.e5 Bxd4 11.cxd4 Ne4 12.Nxe4 dxe4 13.Qc2 Bd7 14.Bf1 Qh5 15.Bg2 
O-O 16.Bxe4 Nc6 17.Qd2 Rad8 18.Ba3 Nxe5 19.Bxf8 Nf3+ 20.Bxf3 Qxf3 21.Rg1 
Kxf8 22.Qe3 Qh5 23.g4 Qxh2 24.O-O-O Qd6 25.Kb2 Bc6 26.Qe5 Bf3 27.Qxd6+ 
Rxd6 28.Rd3 Be4 29.Re3 Bc6 30.Kc3 g5 31.f3 Kg7 32.Rh1 h6 33.Rh3 a5 34.Re1 
Rd8 35.Reh1 Rh8 36.Kd3 Bd5 37.Rc1 a4 38.bxa4 Ra8 39.a3 Rxa4 40.Rc3 b5 41.
Ke3 b4 42.axb4 Rxb4 43.Rh2 Kg6 44.Rd2 h5 45.gxh5+ Kxh5 46.Kf2 Kg6 47.Kg3 
Kf5 48.Rcd3 Rb8 49.Rd1 Rh8 50.Re1 f6 51.Rc1 Rh4 52.Rf1 Bc4 53.Rfd1 Bxd3 
54.Rxd3 Rh7 55.Ra3 Rd7 56.Ra5+ Kg6 57.Ra4 f5 58.Kf2 Kf6 59.Ke3 Rd6 60.Ra8 
Rb6 61.Rf8+ Kg7 62.Rd8 Rb3+ 63.Ke2 Rb5 64.Rd6 Kf7 65.Ra6 f4 66.Ra3 Rb2+ 
67.Ke1 Rb4 68.Rd3 Rb5 69.Ra3 Ke7 70.Ra7+ Kf6 71.Ra8 Rb3 72.Ke2 Re3+ 73.Kf2
Rd3 74.Ra4 Kg6 75.Ra6 Kf6 76.Ra4 Rd2+ 77.Ke1 Rb2 78.Ra6 Rb5 79.Ke2 Rd5 80.
Ra4 Kf5 81.Kf2 g4 82.fxg4+ Kxg4 83.Rc4 Rb5 84.Rc6 Kf5 85.Kf3 Rb3+ 86.Kf2 
Re3 87.Rd6 Kg4 88.Rd8 Ra3 89.Rd6 Ra2+ 90.Ke1 Kf5 91.Kf1 Ra5 92.Rb6 Rd5 93.
Rb4 Rd6 94.Kf2 Kg4 95.Ra4 Rb6 96.Ra2 Rb4 97.Re2 Rxd4 98.Rxe6 Rd2+ 99.Ke1 
Ra2 100.Re8 Kf3 101.Rf8 Ra4 102.Rf7 Ra1+ 103.Kd2 Rf1 104.Rf8 Kg2 105.Rg8+ 
Kf2 106.Rh8 Ra1 107.Rh2+ Kg3 108.Rh8 f3 109.Ke3 Re1+ 110.Kd2 f2 0-1

[Event "2nd EUR-ch"]
[Site "Ohrid MKD"]
[Date "2001.06.02"]
[Round "2"]
[White "Galkin, Alexander"]
[Black "Ermenkov, Evgeny"]
[Result "1/2-1/2"]
[WhiteElo "2584"]
[BlackElo "2478"]
[EventDate "2001.06.01"]
[PlyCount "32"]

1.e4 c5 2.Nf3 d6 3.d4 Nf6 4.Nc3 cxd4 5.Nxd4 a6 6.Be2 e6 7.O-O Be7 8.f4 Qc7
9.a4 Nc6 10.Be3 O-O 11.Kh1 Re8 12.Bf3 Bf8 13.Qd2 Nd7 14.Rad1 Rb8 15.Rfe1 
Nxd4 16.Bxd4 b6 1/2-1/2

[Event "2nd EUR-ch"]
[Site "Ohrid MKD"]
[Date "2001.06.02"]
[Round "2"]
[White "Gausel, Einar"]
[Black "Pigusov, Evgeny"]
[Result "1/2-1/2"]
[WhiteElo "2480"]
[BlackElo "2584"]
[EventDate "2001.06.01"]
[PlyCount "86"]

1.d4 Nf6 2.Nf3 e6 3.c4 c5 4.e3 cxd4 5.exd4 b6 6.Nc3 Bb7 7.Bg5 Be7 8.Bd3 h6
9.Bh4 d6 10.O-O Nbd7 11.Re1 O-O 12.Rc1 Rc8 13.Qe2 Re8 14.Bg3 Nh5 15.b4 a6 
16.a3 Ndf6 17.Nd2 Bf8 18.Nce4 Nxg3 19.hxg3 Nxe4 20.Bxe4 Bxe4 21.Qxe4 Re7 
22.Qd3 Rec7 23.d5 exd5 24.Qxd5 Qg5 25.Qxg5 hxg5 26.Rcd1 g4 27.Ne4 Re7 28.
Nd2 Rec7 29.Ne4 Rxc4 30.Nxd6 Bxd6 31.Rxd6 R8c6 32.Rxc6 Rxc6 33.Re8+ Kh7 
34.Ra8 b5 35.Kf1 Re6 36.f3 f5 37.Kf2 Kg6 38.fxg4 fxg4 39.Rd8 Kf5 40.Rd5+ 
Re5 41.Rd6 Re6 42.Rd5+ Re5 43.Rd6 Re6 1/2-1/2

[Event "2nd EUR-ch"]
[Site "Ohrid MKD"]
[Date "2001.06.02"]
[Round "2"]
[White "Asrian, Karen"]
[Black "Moreno Carnero, Javier"]
[Result "1/2-1/2"]
[WhiteElo "2582"]
[BlackElo "2480"]
[EventDate "2001.06.01"]
[PlyCount "72"]

1.e4 c5 2.Nf3 d6 3.d4 cxd4 4.Nxd4 Nf6 5.Nc3 a6 6.Be2 e5 7.Nb3 Be7 8.O-O 
O-O 9.Kh1 b6 10.f3 Bb7 11.a4 Nc6 12.Bg5 Rc8 13.Bxf6 Bxf6 14.Nd5 Bg5 15.Bd3
Ne7 16.Nxe7+ Qxe7 17.Qe2 a5 18.Rfd1 Rfd8 19.c3 Qe6 20.Nd2 d5 21.exd5 Bxd5 
22.Be4 f5 23.Bxd5 Rxd5 24.Nf1 e4 25.fxe4 Rxd1 26.Rxd1 fxe4 27.Rd4 Re8 28.
Ng3 e3 29.Re4 Qf7 30.Rxe8+ Qxe8 31.Qc4+ Kh8 32.h4 Bf6 33.Kg1 Qd8 34.Nf1 
Qe8 35.Ng3 Qd8 36.Nf1 Qe8 1/2-1/2

[Event "2nd EUR-ch"]
[Site "Ohrid MKD"]
[Date "2001.06.02"]
[Round "2"]
[White "Nijboer, Friso"]
[Black "Bogdanovski, Vlatko"]
[Result "1/2-1/2"]
[WhiteElo "2580"]
[BlackElo "2463"]
[EventDate "2001.06.01"]
[PlyCount "110"]

1.e4 d6 2.d4 Nf6 3.Nc3 g6 4.Bg5 Bg7 5.f4 h6 6.Bh4 c5 7.e5 Nh5 8.dxc5 Nxf4 
9.exd6 g5 10.Bf2 Nc6 11.Qd2 exd6 12.O-O-O Bg4 13.Nf3 O-O 14.h4 dxc5 15.
hxg5 Qxd2+ 16.Rxd2 hxg5 17.Nxg5 b6 18.g3 Ne6 19.Nxe6 Bxe6 20.Bg2 Rac8 21.
Nd5 Rfd8 22.c3 Kf8 23.Rhd1 Ne5 24.Nf4 Rxd2 25.Rxd2 Bxa2 26.Bh3 Rc7 27.b4 
Bc4 28.bxc5 bxc5 29.Be3 Ke8 30.Nh5 Bh8 31.Bg5 Bd3 32.Rb2 Nc6 33.Nf6+ Bxf6 
34.Bxf6 Bc4 35.Bg2 Be6 36.Rb5 c4 37.Bg5 Ne7 38.Bf4 Rd7 39.Rb8+ Rd8 40.Rb7 
Bd5 41.Bxd5 Nxd5 42.Be5 Rd7 43.Rb8+ Ke7 44.Bd4 Ke6 45.Rc8 Rc7 46.Rd8 Ne7 
47.Be3 Nc6 48.Rh8 Kd5 49.Rh5+ Ke4 50.Bf4 Rc8 51.Kc2 f5 52.Rh6 a5 53.Re6+ 
Kf3 54.Rf6 Ke4 55.Re6+ Kf3 1/2-1/2

[Event "2nd EUR-ch"]
[Site "Ohrid MKD"]
[Date "2001.06.02"]
[Round "2"]
[White "Huzman, Alexander"]
[Black "Podgaets, Mikhail"]
[Result "1/2-1/2"]
[WhiteElo "2578"]
[BlackElo "2477"]
[EventDate "2001.06.01"]
[PlyCount "59"]

1.Nf3 Nf6 2.c4 e6 3.d4 b6 4.g3 Ba6 5.Qa4 Bb7 6.Bg2 c5 7.dxc5 Bxc5 8.O-O 
O-O 9.Nc3 Be7 10.Rd1 Na6 11.Bf4 Nc5 12.Qc2 Nce4 13.Ne5 Nxc3 14.Bxb7 Nxd1 
15.Rxd1 Rb8 16.Nc6 dxc6 17.Rxd8 Rbxd8 18.Qa4 Bd6 19.Qxa7 Bxf4 20.gxf4 Rd7 
21.b4 b5 22.Qa6 bxc4 23.Bxc6 Rd1+ 24.Kg2 Rc1 25.b5 Nd5 26.Qa3 Rc2 27.Qa4 
Rxe2 28.Kf1 Re4 29.b6 Nxb6 30.Qb5 1/2-1/2

[Event "2nd EUR-ch"]
[Site "Ohrid MKD"]
[Date "2001.06.02"]
[Round "2"]
[White "Hillarp Persson, Tiger"]
[Black "Psakhis, Lev"]
[Result "1/2-1/2"]
[WhiteElo "2443"]
[BlackElo "2575"]
[EventDate "2001.06.01"]
[PlyCount "39"]

1.c4 c5 2.Nf3 Nf6 3.Nc3 Nc6 4.g3 d5 5.d4 e6 6.cxd5 Nxd5 7.Bg2 cxd4 8.Nxd4 
Nxc3 9.bxc3 Nxd4 10.Qxd4 Qxd4 11.cxd4 Bb4+ 12.Bd2 Bxd2+ 13.Kxd2 Ke7 14.
Rhc1 Rd8 15.Rc7+ Rd7 16.Rac1 Kd8 17.R7c4 Rb8 18.a4 b6 19.Bc6 Rc7 20.e4 
1/2-1/2

[Event "2nd EUR-ch"]
[Site "Ohrid MKD"]
[Date "2001.06.02"]
[Round "2"]
[White "Rogic, Davor"]
[Black "Greenfeld, Alon"]
[Result "1/2-1/2"]
[WhiteElo "2457"]
[BlackElo "2570"]
[EventDate "2001.06.01"]
[PlyCount "76"]

1.e4 c5 2.Nf3 d6 3.d4 cxd4 4.Nxd4 Nf6 5.Nc3 Nc6 6.Bc4 e6 7.Be3 Be7 8.Bb3 
O-O 9.f4 Bd7 10.Qf3 Nxd4 11.Bxd4 Bc6 12.O-O b5 13.a3 a5 14.Rae1 b4 15.axb4
axb4 16.Nd1 d5 17.exd5 Bxd5 18.Bxd5 Qxd5 19.Qxd5 Nxd5 20.f5 exf5 21.Rxf5 
Rfd8 22.c3 bxc3 23.bxc3 Bf6 24.Bxf6 Nxf6 25.Ne3 Rd3 26.Re5 Rxc3 27.Nd5 
Rca3 28.Nxf6+ gxf6 29.Re8+ Rxe8 30.Rxe8+ Kg7 31.Kf2 Ra5 32.Rb8 h5 33.h3 
Ra4 34.Rc8 f5 35.Rc6 Re4 36.Kf3 Re6 37.Rc5 Kg6 38.g4 fxg4+ 1/2-1/2

[Event "2nd EUR-ch"]
[Site "Ohrid MKD"]
[Date "2001.06.02"]
[Round "2"]
[White "Kacheishvili, Giorgi"]
[Black "Stanojoski, Zvonko"]
[Result "1-0"]
[WhiteElo "2570"]
[BlackElo "2435"]
[EventDate "2001.06.01"]
[PlyCount "91"]

1.d4 Nf6 2.c4 c5 3.d5 b5 4.cxb5 a6 5.b6 Qxb6 6.Nc3 g6 7.e4 d6 8.Nf3 Bg7 9.
Be2 O-O 10.Nd2 a5 11.Nc4 Qd8 12.O-O Nbd7 13.Bf4 Ba6 14.h3 Bxc4 15.Bxc4 Rb8
16.Qe2 Qb6 17.b3 Rfc8 18.Rab1 Ne8 19.Bd2 Nc7 20.a4 Na6 21.f4 Nb4 22.Qd1 
Qd8 23.Nb5 Qf8 24.Qe2 Nb6 25.Rbd1 Nxc4 26.bxc4 Nc2 27.e5 Nd4 28.Qe4 f5 29.
Qe3 Qd8 30.Bc3 Qb6 31.Rd2 dxe5 32.fxe5 Ra8 33.Rb2 Qd8 34.Rd1 Nc6 35.Rbd2 
Nb4 36.d6 exd6 37.Nxd6 Qh4 38.Nxc8 Rxc8 39.g3 Bh6 40.Qf3 Qg5 41.Rd7 Qe3+ 
42.Kg2 Qxf3+ 43.Kxf3 Nc6 44.e6 Bf8 45.Bf6 Re8 46.Re1 1-0

[Event "2nd EUR-ch"]
[Site "Ohrid MKD"]
[Date "2001.06.02"]
[Round "2"]
[White "Sokolov, Andrei"]
[Black "Petrov, Marijan"]
[Result "1-0"]
[WhiteElo "2568"]
[BlackElo "2425"]
[EventDate "2001.06.01"]
[PlyCount "103"]

1.e4 c5 2.Nf3 Nc6 3.d4 cxd4 4.Nxd4 Nf6 5.Nc3 d6 6.Bc4 Qb6 7.Nde2 e6 8.O-O 
Be7 9.a3 a6 10.Ba2 O-O 11.Qd3 Re8 12.Qg3 Qc7 13.Bh6 Nh5 14.Qg4 g6 15.f4 b5
16.f5 Ne5 17.fxg6 hxg6 18.Qh3 Rb8 19.Rf2 a5 20.b4 axb4 21.axb4 d5 22.exd5 
exd5 23.Nxd5 Qd6 24.Qc3 Ng4 25.Ng3 Bf6 26.Rxf6 Ngxf6 27.Rf1 Ng4 28.Rf4 Re5
29.Nxh5 gxh5 30.Rxg4+ Bxg4 31.Bf4 Rbe8 32.h3 Bf5 33.Kh2 Be4 34.Qg3+ Kh7 
35.Ne3 Qf6 36.Bxe5 Rxe5 37.Bxf7 Rg5 38.Qh4 Bxg2 39.Ng4 Qf4+ 40.Kxg2 Qe4+ 
41.Kg1 Qe3+ 42.Kh2 Qf4+ 43.Kg2 Rf5 44.Bd5 Qf1+ 45.Kh2 Qf4+ 46.Kg2 Qd2+ 47.
Kg1 Qc1+ 48.Kh2 Qxc2+ 49.Bg2 Qc7+ 50.Qg3 Qe7 51.Qd3 Qg5 52.Qxf5+ 1-0

[Event "2nd EUR-ch"]
[Site "Ohrid MKD"]
[Date "2001.06.02"]
[Round "2"]
[White "Conquest, Stuart"]
[Black "Dancevski, Orce"]
[Result "1/2-1/2"]
[WhiteElo "2563"]
[BlackElo "2428"]
[EventDate "2001.06.01"]
[PlyCount "172"]

1.d4 Nf6 2.c4 g6 3.Nc3 Bg7 4.e4 d6 5.Bd3 O-O 6.Nge2 e5 7.d5 c5 8.h3 a6 9.
Bg5 h6 10.Be3 Kh7 11.Qd2 Nbd7 12.g4 Ng8 13.h4 Rb8 14.Ng3 Qa5 15.a4 Qd8 16.
f3 b6 17.Rb1 Rb7 18.b4 cxb4 19.Rxb4 Nc5 20.Be2 Re8 21.Kf2 Bf8 22.Kg2 Be7 
23.g5 h5 24.f4 exf4 25.Bxf4 Bg4 26.Nd1 a5 27.Rb1 Qd7 28.Nf2 Bf8 29.Rbe1 
Bg7 30.Nxg4 Qxg4 31.Bxd6 Be5 32.Bxe5 Rxe5 33.Bd1 Qc8 34.Rhf1 Qe8 35.Qd4 
Rbe7 36.Rf4 f6 37.gxf6 Rf7 38.Ref1 Nd7 39.R1f3 Rxf6 40.Qf2 Kg7 41.Bc2 Rxf4
42.Rxf4 Ngf6 43.Qd2 Qe7 44.Rf3 Ng4 45.Kh3 Ndf6 46.Qd4 Qd6 47.Kg2 Nd7 48.
Ne2 Qb4 49.Qc3 Qe7 50.Kh3 Ndf6 51.Nd4 Qd6 52.Rg3 Nf2+ 53.Kg2 N2g4 54.Nc6 
Kh7 55.Nxe5 Nxe5 56.Qa3 Qd8 57.Rg5 Nfg4 58.Qg3 Nxc4 59.Rxg4 hxg4 60.h5 
gxh5 61.e5+ Kg7 62.d6 Qg5 63.Qc3 Qxe5 64.Qxc4 Qxd6 65.Qe4 Qc5 66.Bd3 Kf6 
67.Qf4+ Ke7 68.Qe4+ Kd6 69.Qf4+ Kd7 70.Bb5+ Ke6 71.Bc4+ Ke7 72.Kg3 Qa3+ 
73.Kh4 Qc5 74.Qf7+ Kd6 75.Bb5 Qe5 76.Qd7+ Kc5 77.Qc6+ Kb4 78.Qxb6 Qh2+ 79.
Kg5 Qe5+ 80.Kg6 g3 81.Qc6 h4 82.Qc4+ Ka3 83.Qc1+ Qb2 84.Qe3+ Qb3 85.Qc5+ 
Qb4 86.Qe3+ Qb3 1/2-1/2

[Event "2nd EUR-ch"]
[Site "Ohrid MKD"]
[Date "2001.06.02"]
[Round "2"]
[White "Colovic, Aleksandar"]
[Black "Volkov, Sergei"]
[Result "1/2-1/2"]
[WhiteElo "2413"]
[BlackElo "2558"]
[EventDate "2001.06.01"]
[PlyCount "83"]

1.c4 Nf6 2.Nc3 c6 3.e4 e5 4.Nf3 Qa5 5.Be2 Bb4 6.O-O O-O 7.d3 d5 8.cxd5 
cxd5 9.Nxe5 Bxc3 10.bxc3 dxe4 11.Nc4 Qc7 12.dxe4 Nxe4 13.Bf3 Be6 14.Bxe4 
Bxc4 15.Re1 Na6 16.Be3 f5 17.Bf3 Rad8 18.Qa4 Bd5 19.Bxd5+ Rxd5 20.Qb3 Qf7 
21.Bxa7 Nc5 22.Bxc5 Rxc5 23.Re7 Qxb3 24.axb3 Rxc3 25.Rxb7 Rfc8 26.g3 Rc1+ 
27.Rxc1 Rxc1+ 28.Kg2 Rb1 29.h4 h6 30.Kf3 Rb2 31.Ke3 Kh7 32.Rb6 g5 33.hxg5 
hxg5 34.f4 g4 35.Kd4 Rg2 36.Ke5 Rxg3 37.Kxf5 Rg1 38.Rg6 Rb1 39.Rxg4 Rxb3 
40.Rg5 Rb5+ 41.Kg4 Rxg5+ 42.Kxg5 1/2-1/2

[Event "2nd EUR-ch"]
[Site "Ohrid MKD"]
[Date "2001.06.02"]
[Round "2"]
[White "Nataf, Igor-Alexandre"]
[Black "Mchedlishvili, Mikheil"]
[Result "1-0"]
[WhiteElo "2552"]
[BlackElo "2416"]
[EventDate "2001.06.01"]
[PlyCount "69"]

1.e4 e6 2.d4 d5 3.Nc3 dxe4 4.Nxe4 Nd7 5.Nf3 Ngf6 6.Bg5 h6 7.Nxf6+ Nxf6 8.
Bh4 c5 9.Bc4 a6 10.O-O cxd4 11.Nxd4 Bc5 12.Nf3 Qxd1 13.Raxd1 b5 14.Bb3 Nd7
15.Rfe1 Be7 16.Bxe7 Kxe7 17.Nd4 Nc5 18.Bd5 Bb7 19.Bxb7 Nxb7 20.Nc6+ Ke8 
21.Ne5 Rd8 22.Rxd8+ Nxd8 23.Rd1 Ke7 24.Kf1 h5 25.Ke2 Kf6 26.Nd7+ Ke7 27.
Nb8 a5 28.Rd7+ Kf6 29.Ra7 e5 30.Ra8 Rh6 31.Rxa5 Ne6 32.Ke3 Kf5 33.Rxb5 Nd4
34.Rb7 Rd6 35.c3 1-0

[Event "2nd EUR-ch"]
[Site "Ohrid MKD"]
[Date "2001.06.02"]
[Round "2"]
[White "Organdziev, Oliver"]
[Black "Blatny, Pavel"]
[Result "1/2-1/2"]
[WhiteElo "2322"]
[BlackElo "2547"]
[EventDate "2001.06.01"]
[PlyCount "79"]

1.e4 e5 2.Nf3 Nc6 3.Bb5 a6 4.Ba4 Nf6 5.O-O Be7 6.Bxc6 dxc6 7.d3 Nd7 8.b3 
f6 9.Bb2 Nc5 10.Nc3 Ne6 11.Ne2 c5 12.Nh4 g6 13.f4 exf4 14.Nxf4 Nxf4 15.
Rxf4 O-O 16.Qe1 Be6 17.Qg3 Rf7 18.Raf1 Bd6 19.e5 Bxe5 20.Bxe5 fxe5 21.Rxf7
Bxf7 22.Nf5 Be6 23.Nh6+ Kg7 24.Qxe5+ Kxh6 25.Qe3+ Kg7 26.Qe5+ Kh6 27.Qe3+ 
Kg7 28.Qxe6 Qe8 29.Qf6+ Kg8 30.h4 Qd7 31.Rf4 Re8 32.h5 Qe6 33.hxg6 hxg6 
34.Qg5 Qe3+ 35.Kh2 Re7 36.Qd5+ Kg7 37.Re4 Rxe4 38.Qxe4 Qf2 39.Qe5+ Kh6 40.
Qxc7 1/2-1/2

[Event "2nd EUR-ch"]
[Site "Ohrid MKD"]
[Date "2001.06.02"]
[Round "2"]
[White "Narciso Dublan, Marc"]
[Black "Torfinnsson, Bragi"]
[Result "1/2-1/2"]
[WhiteElo "2544"]
[BlackElo "2292"]
[EventDate "2001.06.01"]
[PlyCount "100"]

1.d4 Nf6 2.c4 e6 3.Nc3 Bb4 4.Qc2 O-O 5.a3 Bxc3+ 6.Qxc3 b5 7.cxb5 c6 8.Bg5 
cxb5 9.e3 Bb7 10.Nf3 a6 11.Be2 h6 12.Bxf6 Qxf6 13.Qc7 Bd5 14.O-O Qd8 15.
Qg3 Nc6 16.Nd2 f5 17.Bf3 Ne7 18.Qd6 Nc8 19.Qb4 Nb6 20.Rfc1 Qb8 21.Rc5 Rc8 
22.Rac1 Qb7 23.h4 Bxf3 24.Nxf3 d6 25.Rxc8+ Rxc8 26.Rxc8+ Nxc8 27.Qb3 Kf7 
28.Ne1 Ne7 29.Nd3 Nd5 30.Qd1 Nf6 31.Nf4 g5 32.hxg5 hxg5 33.Ne2 Qc6 34.Nc3 
Kg6 35.Qb3 Nd5 36.Nxd5 exd5 37.Qb4 Kf6 38.Kh2 Ke6 39.Qd2 Qc7 40.Qd1 Qh7+ 
41.Kg1 Qc7 42.Qh5 Qc1+ 43.Kh2 Qxb2 44.Qg6+ Kd7 45.Qxf5+ Kc7 46.Qxd5 Qxa3 
47.e4 Qc1 48.e5 Qf4+ 49.Kg1 Qc1+ 50.Kh2 Qf4+ 1/2-1/2

[Event "2nd EUR-ch"]
[Site "Ohrid MKD"]
[Date "2001.06.02"]
[Round "2"]
[White "Reinderman, Dimitri"]
[Black "Stojanovski, Dejan"]
[Result "1/2-1/2"]
[WhiteElo "2539"]
[BlackElo "2351"]
[EventDate "2001.06.01"]
[PlyCount "76"]

1.e4 c5 2.Nf3 g6 3.d4 cxd4 4.Qxd4 Nf6 5.Bb5 a6 6.e5 axb5 7.exf6 Nc6 8.Qh4 
Ra4 9.fxe7 Bxe7 10.Qh6 Re4+ 11.Kf1 Bf8 12.Qg5 Bg7 13.Qxb5 O-O 14.c3 d5 15.
Bg5 Qd6 16.Nbd2 Ree8 17.Rd1 d4 18.Nb3 Bg4 19.cxd4 Re5 20.Bf4 Rxb5 21.Bxd6 
Rd8 22.Bg3 Nb4 23.Nc1 Nc2 24.b3 Nxd4 25.h3 Bf5 26.Nxd4 Rxd4 27.Rxd4 Bxd4 
28.Ke2 Rc5 29.Rd1 Rc2+ 30.Rd2 Rxc1 31.Rxd4 Rc2+ 32.Ke3 Rxa2 33.Be5 f6 34.
Bxf6 Ra3 35.Kf4 Rxb3 36.g4 Be6 37.h4 Kf7 38.Be5 Rc3 1/2-1/2

[Event "2nd EUR-ch"]
[Site "Ohrid MKD"]
[Date "2001.06.02"]
[Round "2"]
[White "Kozul, Zdenko"]
[Black "Halkias, Stelios"]
[Result "1/2-1/2"]
[WhiteElo "2595"]
[BlackElo "2494"]
[EventDate "2001.06.01"]
[PlyCount "68"]

1.d4 d5 2.c4 e6 3.Nf3 c5 4.cxd5 exd5 5.g3 Nf6 6.Bg2 Be7 7.O-O O-O 8.Nc3 
Nc6 9.Bg5 c4 10.Ne5 Be6 11.Nxc6 bxc6 12.b3 Qa5 13.Qc2 Rad8 14.Rfd1 h6 15.
Bxf6 Bxf6 16.Na4 Bg4 17.h3 Bh5 18.Qd2 Qxd2 19.Rxd2 Rb8 20.e3 Rb4 21.Nc5 
Bg6 22.Rc1 Rd8 23.a3 Rb5 24.bxc4 dxc4 25.Rxc4 Be7 26.Nd3 Bxd3 27.Rxd3 c5 
28.d5 Bd6 29.f4 Rdb8 30.e4 f6 31.Re3 Rb3 32.Re2 Rxg3 33.e5 fxe5 34.fxe5 
Bxe5 1/2-1/2

[Event "2nd EUR-ch"]
[Site "Ohrid MKD"]
[Date "2001.06.02"]
[Round "2"]
[White "Dervishi, Erald"]
[Black "Kempinski, Robert"]
[Result "1-0"]
[WhiteElo "2491"]
[BlackElo "2582"]
[EventDate "2001.06.01"]
[PlyCount "97"]

1.e4 c5 2.Nf3 d6 3.d4 cxd4 4.Nxd4 Nf6 5.Nc3 a6 6.Be2 e6 7.a4 Qc7 8.O-O Be7
9.f4 Nc6 10.Be3 O-O 11.Kh1 Re8 12.Bf3 Na5 13.Bg1 e5 14.Nde2 exf4 15.Nxf4 
Be6 16.Bd4 Nc4 17.Ncd5 Bxd5 18.exd5 Ne5 19.a5 Rac8 20.c3 Bd8 21.b3 Nfd7 
22.Be4 g6 23.Bc2 Bg5 24.c4 Qd8 25.Nd3 Bf6 26.Nf2 Bg7 27.Qd2 Nc5 28.Rad1 
Qh4 29.Be3 Qd8 30.Rde1 Qc7 31.Bf4 b6 32.axb6 Qxb6 33.Re3 a5 34.Rh3 f5 35.
Bxe5 dxe5 36.g4 fxg4 37.Nxg4 Rf8 38.Rhf3 Rxf3 39.Rxf3 e4 40.Rf1 Nxb3 41.
Nh6+ Bxh6 42.Qxh6 Nc5 43.Qf4 Qc7 44.d6 Qb7 45.Qe5 a4 46.Bxa4 e3+ 47.Kg1 
Qa7 48.Be8 Nd3 49.Rf8+ 1-0

[Event "2nd EUR-ch"]
[Site "Ohrid MKD"]
[Date "2001.06.02"]
[Round "2"]
[White "Socko, Bartosz"]
[Black "Zuger, Beat"]
[Result "1-0"]
[WhiteElo "2554"]
[BlackElo "2448"]
[EventDate "2001.06.01"]
[PlyCount "91"]

1.e4 e6 2.d4 d5 3.Nc3 Nf6 4.Bg5 dxe4 5.Nxe4 Be7 6.Bxf6 gxf6 7.Nf3 b6 8.Bd3
Bb7 9.Qe2 Nd7 10.O-O-O c6 11.Kb1 Qc7 12.c4 O-O-O 13.d5 cxd5 14.cxd5 Bxd5 
15.Rc1 Nc5 16.b4 Nxd3 17.Rxc7+ Kxc7 18.Nd4 Nxb4 19.Nc3 Bxa2+ 20.Nxa2 Rxd4 
21.Rd1 Rxd1+ 22.Qxd1 Nxa2 23.Kxa2 h5 24.Qa4 a5 25.Qc4+ Kb7 26.Qb5 Kc7 27.
Qa6 Kc6 28.Qa7 Re8 29.h4 f5 30.g3 e5 31.Kb3 e4 32.Kc2 f6 33.Kb1 Bd6 34.Qf7
Re5 35.Qxh5 f4 36.Qe2 fxg3 37.fxg3 e3 38.h5 Bc5 39.h6 Re7 40.Kc2 Kc7 41.g4
a4 42.Kd3 Kd7 43.Kc2 Kc7 44.Kd1 Rd7+ 45.Ke1 Rh7 46.Qc4 1-0

[Event "2nd EUR-ch"]
[Site "Ohrid MKD"]
[Date "2001.06.02"]
[Round "2"]
[White "Abbasov, Farid"]
[Black "Bezgodov, Alexei"]
[Result "1-0"]
[WhiteElo "2439"]
[BlackElo "2543"]
[EventDate "2001.06.01"]
[PlyCount "141"]

1.d4 d5 2.c4 e6 3.Nc3 c5 4.cxd5 exd5 5.Nf3 Nc6 6.g3 Nf6 7.Bg2 Be7 8.O-O 
O-O 9.dxc5 Bxc5 10.Bg5 d4 11.Bxf6 Qxf6 12.Nd5 Qd8 13.Nd2 Re8 14.Rc1 Be7 
15.Nb3 Bg5 16.Rc5 Be7 17.Nxe7+ Qxe7 18.Re1 Bd7 19.Rc1 Rad8 20.Nxd4 Qb4 21.
Nxc6 Bxc6 22.Qb3 Qxb3 23.axb3 Bxg2 24.Kxg2 Rd2 25.Rc7 b6 26.Rxa7 Rxb2 27.
Rd1 Rbxe2 28.Rdd7 Rf8 29.Rd6 b5 30.Rd5 b4 31.Rd4 g5 32.Rxb4 Kg7 33.h3 h6 
34.Rb5 Re6 35.Rbb7 Rf6 36.b4 Rd8 37.Ra2 Rd3 38.Rb2 Rff3 39.Rc7 Rb3 40.Rcc2
Rfc3 41.Re2 Ra3 42.b5 Ra7 43.Rec2 Rd3 44.b6 Rb7 45.Rc6 Ra3 46.g4 Rd3 47.
Rb5 f6 48.Rbc5 Kg6 49.Re6 Rb3 50.Rcc6 Rf7 51.Re8 Rb4 52.Rg8+ Kh7 53.Rb8 
Kg6 54.Rg8+ Kh7 55.Rd8 Kg6 56.Rdd6 Rb3 57.f3 Rb2+ 58.Kg3 Rb3 59.Re6 Rb2 
60.h4 gxh4+ 61.Kxh4 Rb5 62.f4 Rb1 63.f5+ Kg7 64.Rc7 h5 65.Rxf7+ Kxf7 66.
gxh5 Rb4+ 67.Kg3 Kg7 68.Kf3 Kh6 69.Rxf6+ Kg5 70.Rc6 Kxh5 71.Rg6 1-0

[Event "2nd EUR-ch"]
[Site "Ohrid MKD"]
[Date "2001.06.02"]
[Round "2"]
[White "Sulskis, Sarunas"]
[Black "Efimenko, Zahar"]
[Result "1-0"]
[WhiteElo "2530"]
[BlackElo "2439"]
[EventDate "2001.06.01"]
[PlyCount "99"]

1.e4 c5 2.g3 Nc6 3.Bg2 g6 4.d3 Bg7 5.Nc3 d6 6.Nh3 e6 7.O-O Nge7 8.Be3 O-O 
9.Qd2 Nd4 10.Bh6 Nec6 11.Nd1 Qa5 12.Qxa5 Nxa5 13.Bxg7 Kxg7 14.Ne3 b5 15.c3
Ndc6 16.Rfd1 Bb7 17.Nf4 Rfc8 18.h4 h5 19.Rab1 b4 20.cxb4 cxb4 21.d4 Ne7 
22.b3 Ba6 23.d5 e5 24.Nd3 Rab8 25.Bh3 Rc7 26.Nxe5 dxe5 27.d6 Rcb7 28.dxe7 
Rxe7 29.Nd5 Reb7 30.Rbc1 Be2 31.Rd2 Bf3 32.Bc8 Rb5 33.Ba6 Bxe4 34.Bxb5 
Rxb5 35.Nc7 Rb6 36.Rd6 Kf8 37.Rxb6 axb6 38.Re1 Bd3 39.Rxe5 Nc6 40.Re8+ Kg7
41.Nd5 Bb1 42.Rc8 Na7 43.Ra8 Nc6 44.f3 b5 45.Kf2 f6 46.Ra6 Ne5 47.Ra7+ Kf8
48.Nxf6 Nd3+ 49.Ke3 Nc1 50.Kd2 1-0

[Event "2nd EUR-ch"]
[Site "Ohrid MKD"]
[Date "2001.06.02"]
[Round "2"]
[White "Likavsky, Tomas"]
[Black "Slobodjan, Roman"]
[Result "1-0"]
[WhiteElo "2425"]
[BlackElo "2529"]
[EventDate "2001.06.01"]
[PlyCount "81"]

1.d4 d5 2.c4 c6 3.Nf3 Nf6 4.e3 g6 5.Nc3 Bg7 6.Bd3 O-O 7.O-O b6 8.cxd5 Nxd5
9.Nxd5 Qxd5 10.e4 Qd8 11.Be3 Bg4 12.Be2 Nd7 13.Qc2 c5 14.d5 Qc7 15.h3 Bxf3
16.Bxf3 Qe5 17.b3 Qxa1 18.Rxa1 Bxa1 19.Be2 Rad8 20.f4 e5 21.dxe6 fxe6 22.
Bc4 Rfe8 23.f5 Nf8 24.Bb5 exf5 25.Bxe8 Rxe8 26.Qc4+ Kg7 27.Qc1 Bf6 28.Bh6+
Kf7 29.exf5 gxf5 30.Qc4+ Ne6 31.Bf4 Kg6 32.Bd6 Ng5 33.Kh2 Bd4 34.h4 Ne4 
35.Bf4 Nf6 36.a4 Re4 37.h5+ Kg7 38.Qc1 Rxf4 39.Qxf4 Ng4+ 40.Kh3 Nf2+ 41.
Kg3 1-0